000 00358 a2200169 4500
001 171407
020 _a85-262-1728-3
040 _cMagnum
100 _aCarr, Stella
240 1 0 _aO vírus vermelho
_lpor
245 1 0 _aO vírus vermelho
300 _a88
362 0 _a1991
440 1 _aScipione
697 _aLITERATURA INFANTO-JUVENIL
942 _cBK
999 _c171407
_d171407